[Event "Como Province-ch"]
[Site "Erba"]
[Date "2015.01.17"]
[Round "1"]
[White "La Fontana, Stefano"]
[Black "Bonuglia, Gabriele"]
[Result "1-0"]
[WhiteElo "1664"]
[BlackElo "1407"]
[PlyCount "109"]
[EventDate "2015.01.17"]
[EventType "swiss"]
[EventRounds "6"]
[EventCountry "ITA"]
[SourceTitle "EXT 2017"]
[Source "ChessBase"]
[SourceDate "2016.10.25"]
[SourceVersion "1"]
[SourceVersionDate "2016.10.25"]
[SourceQuality "1"]

1. e4 c5 2. d4 cxd4 3. Nf3 d6 4. Nxd4 e5 5. Nb3 Nf6 6. Nc3 Nc6 7. Be2 Be7 8. 0-0 0-0 9. f4 Qb6+ 10. Kh1 Be6 11. f5 Bxb3 12. axb3 Rad8 13. Bc4 Qd4 14. Qf3 Qb6 15. Be3 Nd4 16. Qd1 a6 17. Nd5 Nxd5 18. Bxd5 Qc7 19. c3 Nb5 20. c4 Nd4 21. Bxd4 exd4 22. Qxd4 Bf6 23. Qd2 Qb6 24. Rf3 Rfe8 25. g4 h6 26. Ra4 Bg5 27. Qf2 Qxf2 28. Rxf2 Re7 29. Rb4 b6 30. Kg2 Rb8 31. Ra4 a5 32. Ra1 Kh7 33. Kf3 g6 34. Rh1 gxf5 35. gxf5 Bf6 36. Rg2 b5 37. Ra1 bxc4 38. bxc4 Bxb2 39. Rb1 Rb3+ 40. Kg4 a4 41. Rgxb2 Rxb2 42. Rxb2 a3 43. Ra2 Ra7 44. Kf4 h5 45. e5 dxe5+ 46. Kxe5 Kh6 47. c5 Kg5 48. Rg2+ Kh4 49. c6 Kh3 50. Kd6 h4 51. c7 Rxc7 52. Kxc7 f6 53. Kd6 a2 54. Rxa2 Kg4 55. Ke6 1-0

[Event "Robecchetto op-C 25th"]
[Site "Robecchetto"]
[Date "2014.12.29"]
[Round "5"]
[White "Colombo, Abner"]
[Black "Bonuglia, Gabriele"]
[Result "0-1"]
[WhiteElo "1307"]
[BlackElo "1428"]
[PlyCount "56"]
[EventDate "2014.12.26"]
[EventType "swiss"]
[EventRounds "6"]
[EventCountry "ITA"]
[SourceTitle "EXT 2024"]
[Source "ChessBase"]
[SourceDate "2023.10.10"]
[SourceVersion "1"]
[SourceVersionDate "2023.10.10"]
[SourceQuality "1"]

1. e4 c5 2. Nf3 d6 3. d4 cxd4 4. Nxd4 e5 5. Nf5 Nf6 6. Ng3 Nc6 7. Bg5 Be7 8. Qd2 0-0 9. Nc3 h6 10. Bxh6 gxh6 11. Qxh6 Ng4 12. Qh5 Qb6 13. 0-0-0 Nxf2 14. Nd5 Qd8 15. Nf5 Bxf5 16. Nxe7+ Qxe7 17. exf5 Nxh1 18. Rxd6 Rfd8 19. Qg4+ Kf8 20. Rh6 Ke8 21. Rh8+ Kd7 22. f6+ Qe6 23. Qd1+ Kc7 24. Rxd8 Rxd8 25. Bd3 Nf2 26. Qf3 Nxd3+ 27. cxd3 Nd4 28. Qe4 Qxf6 0-1